000 01253nam a2200325 a 4500
001 ebr10680909
003 CaPaEBR
006 m u
007 cr cn|||||||||
008 071015s2009 nyua sb 001 0 eng d
010 _z 2007042947
020 _z9781604561241 (hardcover)
020 _z1604561246 (hardcover)
020 _z9781617286643 (e-book)
040 _aCaPaEBR
_cCaPaEBR
035 _a(OCoLC)662453158
050 1 4 _aQA276.18
_b.P76 2009eb
082 0 4 _a519.5
_222
245 0 0 _aProgress in applied statistics research
_h[electronic resource] /
_cM. Ahsanullah, editor.
260 _aNew York :
_bNova Science Publishers,
_cc2009.
300 _ax, 267 p. :
_bill.
490 0 _aProgress in applied statistics research
504 _aIncludes bibliographical references and index.
533 _aElectronic reproduction.
_bPalo Alto, Calif. :
_cebrary,
_d2013.
_nAvailable via World Wide Web.
_nAccess may be limited to ebrary affiliated libraries.
650 0 _aStatistics.
655 7 _aElectronic books.
_2local
700 1 _aAhsanullah, M.
_q(Mohammad)
710 2 _aebrary, Inc.
856 4 0 _uhttp://site.ebrary.com/lib/rucke/Doc?id=10680909
_zAn electronic book accessible through the World Wide Web; click to view
999 _c156560
_d156560